<?xml version='1.0' encoding='UTF-8'?>
  <record xmlns="http://www.loc.gov/MARC21/slim">
    <leader>00000cam a2200000 i 4500</leader>
    <controlfield tag="001">ocn907581521</controlfield>
    <controlfield tag="003">OCoLC</controlfield>
    <controlfield tag="005">20250322214616.5</controlfield>
    <controlfield tag="008">870615s1935    ne       m    000 0 ger d</controlfield>
    <datafield tag="040" ind1=" " ind2=" ">
      <subfield code="a">NLGGC</subfield>
      <subfield code="b">dut</subfield>
      <subfield code="e">fobidrtb</subfield>
      <subfield code="c">NLGGC</subfield>
      <subfield code="d">OCLCO</subfield>
      <subfield code="d">OCLCF</subfield>
      <subfield code="d">WURST</subfield>
      <subfield code="d">OCLCO</subfield>
      <subfield code="d">OCLCQ</subfield>
      <subfield code="d">OCLCL</subfield>
      <subfield code="d">OCLCQ</subfield>
    </datafield>
    <datafield tag="029" ind1="0" ind2=" ">
      <subfield code="a">NLGGC</subfield>
      <subfield code="b">039817601</subfield>
    </datafield>
    <datafield tag="035" ind1=" " ind2=" ">
      <subfield code="a">(OCoLC)907581521</subfield>
    </datafield>
    <datafield tag="050" ind1=" " ind2="4">
      <subfield code="a">DP302.B26</subfield>
      <subfield code="b">H3</subfield>
    </datafield>
    <datafield tag="082" ind1="0" ind2="4">
      <subfield code="a">554.46</subfield>
      <subfield code="q">OCoLC</subfield>
    </datafield>
    <datafield tag="100" ind1="1" ind2=" ">
      <subfield code="a">Haanstra, Ulco.</subfield>
    </datafield>
    <datafield tag="245" ind1="1" ind2="0">
      <subfield code="a">Geologie von Ost-Ibiza (Balearen) /</subfield>
      <subfield code="c">Ulco Haanstra.</subfield>
    </datafield>
    <datafield tag="260" ind1=" " ind2=" ">
      <subfield code="a">Utrecht :</subfield>
      <subfield code="b">[s.n.],</subfield>
      <subfield code="c">1935.</subfield>
    </datafield>
    <datafield tag="300" ind1=" " ind2=" ">
      <subfield code="a">60 p. :</subfield>
      <subfield code="b">ill., krt. ;</subfield>
      <subfield code="c">28 cm. +</subfield>
      <subfield code="e">krt.</subfield>
    </datafield>
    <datafield tag="336" ind1=" " ind2=" ">
      <subfield code="a">tekst</subfield>
      <subfield code="b">txt</subfield>
      <subfield code="2">rdacontent/dut</subfield>
    </datafield>
    <datafield tag="337" ind1=" " ind2=" ">
      <subfield code="a">zonder medium</subfield>
      <subfield code="b">n</subfield>
      <subfield code="2">rdamedia/dut</subfield>
    </datafield>
    <datafield tag="338" ind1=" " ind2=" ">
      <subfield code="a">band</subfield>
      <subfield code="b">nc</subfield>
      <subfield code="2">rdacarrier/dut</subfield>
    </datafield>
    <datafield tag="340" ind1=" " ind2=" ">
      <subfield code="k">krt.</subfield>
    </datafield>
    <datafield tag="502" ind1=" " ind2=" ">
      <subfield code="a">Proefschrift Utrecht.</subfield>
    </datafield>
    <datafield tag="504" ind1=" " ind2=" ">
      <subfield code="a">Met lit.opg.</subfield>
    </datafield>
    <datafield tag="650" ind1=" " ind2="0">
      <subfield code="a">Geology</subfield>
      <subfield code="z">Spain</subfield>
      <subfield code="z">Ibiza.</subfield>
    </datafield>
    <datafield tag="651" ind1=" " ind2="0">
      <subfield code="a">Ibiza (Spain)</subfield>
      <subfield code="x">Description and travel.</subfield>
    </datafield>
    <datafield tag="650" ind1=" " ind2="6">
      <subfield code="a">Géologie</subfield>
      <subfield code="z">Espagne</subfield>
      <subfield code="z">Ibiza.</subfield>
    </datafield>
    <datafield tag="650" ind1=" " ind2="7">
      <subfield code="a">Geology.</subfield>
      <subfield code="2">fast</subfield>
      <subfield code="0">(OCoLC)fst00940627</subfield>
    </datafield>
    <datafield tag="650" ind1=" " ind2="7">
      <subfield code="a">Travel.</subfield>
      <subfield code="2">fast</subfield>
      <subfield code="0">(OCoLC)fst01155558</subfield>
    </datafield>
    <datafield tag="651" ind1=" " ind2="7">
      <subfield code="a">Spain</subfield>
      <subfield code="z">Ibiza.</subfield>
      <subfield code="2">fast</subfield>
      <subfield code="0">(OCoLC)fst01234548</subfield>
      <subfield code="1">https://id.oclc.org/worldcat/entity/E39PBJxMfRwQQyXBt7QjGJ6tKd</subfield>
    </datafield>
    <datafield tag="653" ind1="0" ind2="0">
      <subfield code="a">geologie</subfield>
    </datafield>
    <datafield tag="653" ind1="0" ind2="0">
      <subfield code="a">geology</subfield>
    </datafield>
    <datafield tag="653" ind1="0" ind2="0">
      <subfield code="a">balearen</subfield>
    </datafield>
    <datafield tag="653" ind1="0" ind2="0">
      <subfield code="a">balearic islands</subfield>
    </datafield>
    <datafield tag="653" ind1="1" ind2="0">
      <subfield code="a">Geology (General)</subfield>
    </datafield>
    <datafield tag="653" ind1="1" ind2="0">
      <subfield code="a">Geologie (algemeen)</subfield>
    </datafield>
    <datafield tag="655" ind1=" " ind2="4">
      <subfield code="a">PhD thesis</subfield>
    </datafield>
    <datafield tag="758" ind1=" " ind2=" ">
      <subfield code="a">Geologie von Ost-Ibiza (Balearen) (Text)</subfield>
      <subfield code="1">https://id.oclc.org/worldcat/entity/E39PCG4fjJpbQhDX37yjmR4dKm</subfield>
      <subfield code="4">https://id.oclc.org/worldcat/ontology/hasWork</subfield>
    </datafield>
    <datafield tag="936" ind1=" " ind2=" ">
      <subfield code="a">BATCHLOAD</subfield>
    </datafield>
  </record>